000 00436nam a2200205Ia 4500
001 17535
003 GE_BSU
008 181216s||||||||xx |||||||||||||| ||und||
020 _a0071121323
040 _cGE_BSU
080 _a65.01
100 _aThompson A. Arthur
245 _aStrategic Management
260 _aBoston
260 _c2003
300 _a1238p.
541 _h50 Gel.
653 _aStrategic Management
942 _cBK
999 _c50585
_d50585